000 00452nam a2200145Ia 4500
008 090122s9999 xx 000 0 und d
082 _b5201
_a808.899282
100 _aमंगळवेढेकर
_bराजा
245 _aकथकळी केरळ
600 _aमंगळवेढेकर
630 _aकथकळी केरळ
700 _aमंगळवेढेकर
730 _aकथकळी केरळ
942 _cBOOK
999 _c29279
_d29279